000 00374nam a2200169Ia 4500
008 210210b1955 xxu||||| |||| 00| 0 eng d
041 _aeng
082 _a911/41
100 _aMORTON (H V)
245 _aStranger in Spain
260 _aLondon
_bMethuen & co ltd
_c1955
650 _aStranger
650 _aSpain
650 _ain
690 _aTravel
906 _a024713
999 _c150335
_d150335